000 00438nam a22001577a 4500
003 OSt
005 20240418104030.0
008 240418b |||||||| |||| 00| 0 eng d
040 _cMRSPTU
100 _aGasso, O.P (ਓਮ ਪ੍ਰਕਾਸ਼ ਗਾਸੋ)
245 _aMalwai Sabiachar (ਮਲਵਈ ਸਭਿਆਚਾਰ)
250 _a3rd
260 _aPunjab
_bVishav Bharti Parkashan
_c2005
300 _a111
942 _2ddc
_cBK
_n0
999 _c10074
_d10074